Anagrammes - Prénoms masculins - Série 12 - Statistiques

Statistiques générales
  • Ce quiz a été pris 163 fois
  • Le résultat moyen est 7 sur 10
Statistiques - réponses
Anagramme Prénom % Correct
CUL Luc
98%
BOJAC Jacob
94%
MARAND Armand
87%
CODUVIL Ludovic
83%
PESTIBAT Baptiste
81%
GUENEE Eugene
76%
HURART Arthur
74%
LIGNAHIS Ghislain
36%
BLUFTER Fulbert
30%
ORGIBRET Rigobert
19%
Aucun quiz correspondant
Distribution des résultats
% des personnes avec chaque résultat
Percentile par nombre de réponses
Votre historique - résultats
Vous n’avez pas pris ce quiz